000 00712nam a2200229 a 4500
008
020 _a0521377633 (pbk.)
049 _aMAIN
090 0 1 _aPE1066
245 0 0 _aManagement in English language teaching /
_cRon White ... [et al.].
260 _aCambridge :
_bCambridge University Press,
_c1991.
300 _aiv, 348 p. :
_bill. ;
_c23 cm.
504 _aIncludes bibliographical references.
500 _aIncludes index.
650 0 _aEnglish language
_xStudy and teaching
_xManagement.
700 1 _aWhite, Ronald V.
907 _a.b1012665x
_b16-06-04
_c15-06-04
003
005 20230123133738.0
040 _cNUST
942 _cBOOKS
_kPE1066
999 _c153910
_d153910